Cvičení z ruské syntaxe. I, Věta jednoduchá /

Hlavní autor: Česal, Bedřich, 1924-2004
Korporativní autor: Západočeská univerzita. Pedagogická fakulta
Další autoři: Vyčichlová, Ema, 1946-
Jazyk: Ruština
Čeština
Vydáno: Plzeň : Západočeská univerzita v Plzni, 2010
Vydání: 3. vyd.
Témata:
Externí odkaz: Digitalizovaný dokument
Fyzický popis: 156 s. ; 21 cm
Language note: Ruský a český text, česká předmluva
Knihy
Uloženo v:
LEADER 02064nam a2200541 a 4500
001 nkc20102111078
003 CZ PrNK
005 20100827114324.0
007 ta
008 100614s2010 xr e p 000 0 rus
015 |a cnb002111078 
020 |a 978-80-7043-906-7  |q (brož.) :  |c Kč 171,00 
035 |a (OCoLC)664091682 
040 |a OLA001  |b cze  |d BOA001  |d ABA001 
041 0 |a rus  |a cze 
072 7 |a 811.161.1  |x Ruština  |2 Konspekt  |9 11 
072 7 |a 37.016  |x Učební osnovy. Vyučovací předměty. Učebnice  |2 Konspekt  |9 22 
080 |a 811.161.1  |2 MRF 
080 |a 81'367  |2 MRF 
080 |a (075.8)  |2 MRF 
080 |a (076.5)  |2 MRF 
100 1 |a Česal, Bedřich,  |d 1924-2004  |7 jk01021772  |4 aut 
245 1 0 |a Cvičení z ruské syntaxe.  |n I,  |p Věta jednoduchá /  |c Bedřich Česal, Ema Vyčichlová 
246 3 |a Cvičení z ruské syntaxe I 
246 3 0 |a Věta jednoduchá 
250 |a 3. vyd. 
260 |a Plzeň :  |b Západočeská univerzita v Plzni,  |c 2010 
300 |a 156 s. ;  |c 21 cm 
500 |a Na obálce pod názvem: Západočeská univerzita v Plzni, Fakulta pedagogická 
500 |a 50 výt. 
521 8 |a Určeno pro studenty FPE 
546 |a Ruský a český text, česká předmluva 
650 0 7 |a ruština  |7 ph125351  |2 czenas 
650 0 7 |a syntax  |7 ph117044  |2 czenas 
650 0 9 |a Russian language  |2 eczenas 
650 0 9 |a syntax  |2 eczenas 
655 7 |a učebnice vysokých škol  |7 fd133772  |2 czenas 
655 7 |a praktická cvičení  |7 fd133118  |2 czenas 
655 9 |a textbooks (higher)  |2 eczenas 
655 9 |a problems, exercises, etc  |2 eczenas 
700 1 |a Vyčichlová, Ema,  |d 1946-  |7 jn20001005734  |4 aut 
710 2 |a Západočeská univerzita.  |b Pedagogická fakulta  |7 kn20010709437 
856 4 1 |u http://www.digitalniknihovna.cz/mzk/uuid/uuid:c0cf7780-502a-11e7-b03f-005056827e52  |y Digitalizovaný dokument  |x NDK 
910 2 |a BOA001  |b 2-1247.339,1 
990 |a BK 
995 |a 01 
991 |b 201008  |c NOV  |e n 
996 6 |b 2610444080  |c 2-1247.339,1  |l MZK  |r Sklad / do 1 hodiny  |n 3  |p p.v.  |w 001134887  |u 000010  |a 1  |e BOA001  |j MZK50  |s P